Moral a Nicómaco
Cuestionamiento sobre cómo deben vivir los seres humanos, respondiendo con la εὐδαιμονία (eudaimonia), es decir: la felicidad. A lo largo del libro Aristóteles explica que esta es la causa final del ser humano, o sea, su τέλος (telos): su fin; el cual se explora mediante dos dimensiones: la práctica...
Uloženo v:
| Médium: | Kniha |
|---|---|
| Jazyk: | Undetermined |
| Vydáno: |
Buenos Aires, Argentina
Espasa-Calpe
1942
|
| Témata: | |
| Tagy: |
Přidat tag
Žádné tagy, Buďte první, kdo vytvoří štítek k tomuto záznamu!
|
MARC
| LEADER | 00000nam a2200000Ia 4500 | ||
|---|---|---|---|
| 008 | 170316s9999 xx 000 0 und d | ||
| 040 | |a cru BVZT | ||
| 090 | |a 100 A-36mo | ||
| 245 | |a Moral a Nicómaco |c / Aristóteles ; | ||
| 260 | |a Buenos Aires, Argentina |b Espasa-Calpe |c 1942 | ||
| 300 | |a 314 páginas | ||
| 520 | |a Cuestionamiento sobre cómo deben vivir los seres humanos, respondiendo con la εὐδαιμονία (eudaimonia), es decir: la felicidad. A lo largo del libro Aristóteles explica que esta es la causa final del ser humano, o sea, su τέλος (telos): su fin; el cual se explora mediante dos dimensiones: la práctica y teórica, donde la primera se refiere a un carácter creativo y la segunda a uno contemplativo. Este doble movimiento concluye en el libro que la ética debe desembocar en la política, medio para “crear un buen vivir” | ||
| 650 | |a FILOSOFÍA |9 5 | ||
| 999 | |c 15568 |d 15568 | ||
| 942 | |c 4 D |h 100 A-36mo |2 z | ||
